Movies Quiz

Random Movies or Clickable Quiz

Disney and Pixar Teddy Bears Quiz Stats

 Plays Quiz Updated Mar 23, 2020

Support Sporcle.
Go Orange.
Score 0/15 Timer 02:00
0 Plays Today
% Correct
Woody
95.6%
Ariel
95.6%
Peter Pan
95.3%
Rapunzel
94.1%
Snow White
93%
Flynn Rider
91.8%
Belle
91.2%
Prince Charming
89.7%
% Correct
Tiana
88.3%
Elinor
87.9%
Cinderella
87.6%
Elsa
84.4%
Anna
83.5%
Jasmine
83.5%
Aurora
79.1%

You're not logged in!

Compare scores with friends on all Sporcle quizzes.
OR
Log In

From the Vault

Remove Ads.
Support Sporcle.
Get the best of Sporcle when you Go Orange. This ad-free experience offers more features, more stats, and more fun while also helping to support Sporcle. Thank you for becoming a member.

Show Comments

Extras

Top Quizzes Today


Score Distribution

Your Account Isn't Verified!

In order to create a playlist on Sporcle, you need to verify the email address you used during registration. Go to your Sporcle Settings to finish the process.

Report this User

Report this user for behavior that violates our Community Guidelines.

Details: